000 00277nam a22001337a 4500
008 181217b xxu||||| |||| 00| 0 eng d
020 _a9781119321613
041 _aeng
080 _a510
100 _a37
101 _aMAT
245 _aCalculus
_cDavid.D
942 _2udc
_cBK
999 _c53284
_d53284